Repères - Philosophie Terminale - Statistiques

Statistiques générales
  • Ce quiz a été pris 16 fois
  • Le résultat moyen est 6 sur 31
Statistiques - réponses
Repère % Correct
Croire / Savoir
54%
Objectif / Subjectif / Intersubjectif
54%
En Acte / En Puissance
46%
Absolu / Relatif
38%
Contingent / Possible / Nécessaire
38%
Abstrait / Concret
31%
Légal / Légitime
31%
Universel / Général / Particulier / Singulier
31%
En fait / En droit
23%
Exemple / Preuve
23%
Expliquer / Comprendre
23%
Genre / Espèce / Individu
23%
Obligation / Contrainte
23%
Persuader / Convaincre
23%
Vrai / Probable / Certain
23%
Origine / Fondement
15%
Principe / Cause / Fin
15%
Analyse / Synthèse
8%
Essentiel / Accidentel
8%
Possible / Impossible
8%
Théorie / Pratique
8%
Transcendant / Immanent
8%
Concept / Image / Métaphore
0%
Idéal / Réel
0%
Formel / Matériel
0%
Hypothèse / Conséquence / Conclusion
0%
Identité / Egalité / Différence
0%
Intuitif / Discursif
0%
Médiat / Immédiat
0%
Privé / Public
0%
Ressemblance / Analogie
0%
Aucun quiz correspondant
Distribution des résultats
% des personnes avec chaque résultat
Percentile par nombre de réponses
Votre historique - résultats
Vous n’avez pas pris ce quiz